Hematology for medical technologists, (Record no. 3570)
[ view plain ]
| 000 -LEADER | |
|---|---|
| fixed length control field | 00834nac a22002291u 4500 |
| 010 ## - LIBRARY OF CONGRESS CONTROL NUMBER | |
| LC control number | 78170739 |
| 020 ## - INTERNATIONAL STANDARD BOOK NUMBER | |
| International Standard Book Number | 0812103785 |
| 082 00 - DEWEY DECIMAL CLASSIFICATION NUMBER | |
| Classification number | 616.1507 |
| Item number | Se458 |
| 090 ## - LOCALLY ASSIGNED LC-TYPE CALL NUMBER (OCLC); LOCAL CALL NUMBER (OCLC) | |
| -- | 3570 |
| -- | 3570 |
| 100 ## - MAIN ENTRY--PERSONAL NAME | |
| Personal name | Seiverd, Charles Edwar |
| 245 10 - TITLE STATEMENT | |
| Title | Hematology for medical technologists, |
| Statement of responsibility, etc | by Charles E. Seiverd. |
| 250 ## - EDITION STATEMENT | |
| Edition statement | 4th ed. |
| 260 ## - PUBLICATION, DISTRIBUTION, ETC. (IMPRINT) | |
| Place of publication, distribution, etc | Philadelphia, |
| Name of publisher, distributor, etc | Lea & Febiger, |
| Date of publication, distribution, etc | 1972. |
| 300 ## - PHYSICAL DESCRIPTION | |
| Extent | xi, 840 p. |
| Other physical details | illus. |
| Dimensions | 25 cm. |
| 500 ## - GENERAL NOTE | |
| General note | First published in 1952 under title: Hematology for the medical technologist. |
| 500 ## - GENERAL NOTE | |
| General note | Donations. |
| 500 ## - GENERAL NOTE | |
| General note | Donations - Bibliotheca Alexandrina. |
| 504 ## - BIBLIOGRAPHY, ETC. NOTE | |
| Bibliography, etc | Bibliography: p. 780-782. |
| 650 #0 - SUBJECT ADDED ENTRY--TOPICAL TERM | |
| Topical term or geographic name as entry element | Blood |
| General subdivision | Analysis. |
| 942 ## - ADDED ENTRY ELEMENTS (KOHA) | |
| Item type | Book - Borrowing |
| Call number prefix | 616.1507Se458 |
| Withdrawn status | Item status | Source of classification or shelving scheme | Damaged status | Not for loan | Home library | Current library | Shelving location | Date acquired | Source of acquisition | Total Checkouts | Full call number | Barcode | Date last seen | Koha item type |
|---|---|---|---|---|---|---|---|---|---|---|---|---|---|---|
| Dewey Decimal Classification | Central Library | Central Library | First floor | 30/04/2007 | Purchase | 616.1507 SEI | 000030301 | 15/07/2025 | Book - Borrowing |